|
|
|
|
| LEADER |
00000cam a2200000 7i4500 |
| 001 |
0000089864 |
| 005 |
20230125152803.0 |
| 008 |
220821 |
| 020 |
|
|
|a 9781555707200
|
| 041 |
0 |
|
|a English
|
| 090 |
0 |
0 |
|a 658.4038
|b DES
|
| 100 |
1 |
|
|a Desouza, Kevin C.
|
| 245 |
1 |
0 |
|a Knowledge management :
|b an introduction
|c Kevin C. Desouza
|
| 260 |
|
|
|a New York :
|b Neal-Schuman Publishers ,
|c 2011
|
| 300 |
|
|
|a 351 p. :
|b ill., col. ;
|c 22.8 cm.
|
| 541 |
|
|
|c Purchased on 2022
|f 6304 EVM
|h RM410.00
|
| 650 |
|
0 |
|a Knowledge management
|
| 700 |
0 |
|
|a Paquette, Scott
|
| 999 |
|
|
|a 0001695585
|b Book
|c REFERENCE
|e Perbadanan Perpustakaan Awam Johor
|